00759nam a2200181 i 450000100060000000300090000600500170001500700030003200800410003510000340007624501840011026000350029430000300032970000480035985200320040799900170043995201210045663680ES-MaACL20230906164936.0t|031215s1980 sp ||||1| spa d1 aFicus, Heinz Jürgen.95068713aEl radiodiagnóstico en la clínica de los animales pequeños b: manual práctico / cHeinz Jürgen Ficus ; traducción del alemán por José Romero Muñoz de Arenillas. aZaragoza : bAcribia, c[1980] a135 p. : bil. ; c25 cm.1 aRomero Muñoz de Arenillas, José.999418 aES-MaACLjL-2425 bR.102929 c63680d63680 00104070aATENEOMbATENEOMcDEPO2d2008-01-17eSCl0oL-2425p1066740r2023-02-23 00:00:00w2023-02-23yMONOGRAFIA